| 000 | 00776nam a2200253Ia 4500 | ||
|---|---|---|---|
| 003 | GCL | ||
| 008 | 140319s9999 xx 000 0 ara d | ||
| 040 |
_aGCL / _cGCL |
||
| 082 | 0 | 4 |
_a616.8914 _bس ف |
| 100 | 1 | _aستور، انطونى | |
| 245 | 1 | 0 |
_aفن العلاج النفسى / _cستور، انطونى |
| 700 | 1 | _aلطفى فطيم (مترجم) | |
| 260 |
_a[S.N] : _bمكتبة النهضة المصرية ، _c1991 |
||
| 300 | _a257 | ||
| 490 | _a | ||
| 650 | 0 | 4 | _aالصحة النفسية |
| 650 | 0 | 4 | _aعلم النفس |
| 650 | 0 | 4 | _aالتحليل النفسى |
| 650 | 0 | 4 | _aالعلاج النفسى |
| 650 | 0 | 4 | _aالطب النفسى |
| 650 | 0 | 4 | _aالامراض النفسية |
| 650 | 0 | 4 | _aالعيادات النفسية |
| 942 |
_2ddc _cBK |
||
| 999 |
_c29781 _d29781 |
||